Normal view
MARC view
Entry Meeting Name
001 - CONTROL NUMBER
- control field: 25801
003 - CONTROL NUMBER IDENTIFIER
- control field: OSt
005 - DATE AND TIME OF LATEST TRANSACTION
- control field: 20211105134957.0
008 - FIXED-LENGTH DATA ELEMENTS
- fixed length control field: 211105|| aca||aabn | a|a d
040 ## - CATALOGING SOURCE
- Original cataloging agency: OSt
- Transcribing agency: OSt
111 ## - HEADING--MEETING NAME
- Meeting name or jurisdiction name as entry element: Scientific Meeting of Spanish Astronomical Society
- Number of part/section/meeting: 4th
- Location of meeting: Spain
- Date of meeting or treaty signing: 2000 Sep. 11-14
670 ## - SOURCE DATA FOUND
- Source citation: Work cat.: (OSt): Scientific Meeting of Spanish Astronomical Society 4th Spain 2000 Sep. 11-14, Highlights of Spanish astrophysics II, 2001